[Event "40th Eastman Open Ghent"]
[Site "Ghent"]
[Date "2017.07.17"]
[Round "5"]
[White "Michielsen, Joost"]
[Black "Froeyman, Helmut"]
[Result "1/2-1/2"]
[WhiteElo "2409"]
[BlackElo "2264"]
[Annotator "ChessBase"]
[PlyCount "91"]
[EventDate "2017.??.??"]
[EventType "swiss"]
[EventCountry "BEL"]
[SourceTitle "playchess.com"]
[Source "ChessBase"]
[SourceQuality "1"]
[TimeControl "7200"]

1. e4 {[%emt 0:00:26]} e5 {[%emt 0:00:07]} 2. Nf3 {[%emt 0:00:05]} Nc6 {[%emt 0:00:03]} 3. Bb5 {[%emt 0:00:05]} a6 {[%emt 0:00:06]} 4. Ba4 {[%emt 0:00:04]} Nf6 {[%emt 0:00:04]} 5. O-O {[%emt 0:00:06]} Be7 {[%emt 0:00:03]} 6. Re1 {[%emt 0:00:22]} b5 {[%emt 0:00:08]} 7. Bb3 {[%emt 0:00:04]} d6 {[%emt 0:00:03]} 8. c3 {[%emt 0:00:09]} O-O {[%emt 0:00:05]} 9. h3 {[%emt 0:00:08]} Na5 {[%emt 0:00:04]} 10. Bc2 {[%emt 0:00:05]} c5 {[%emt 0:00:02]} 11. d4 {[%emt 0:00:06]} Qc7 {[%emt 0:00:04]} 12. Nbd2 {[%emt 0:00:07]} cxd4 {[%emt 0:00:04]} 13. cxd4 {[%emt 0:00:08]} Nc6 {[%emt 0:00:03]} 14. Nb3 {[%emt 0:02:57]} a5 {[%emt 0:00:19]} 15. Be3 {[%emt 0:01:35]} a4 {[%emt 0:00:12]} 16. Nbd2 {[%emt 0:00:06]} Bd7 {[%emt 0:00:07]} 17. Rc1 {[%emt 0:09:24]} Qb7 {[%emt 0:00:32]} 18. Qe2 {[%emt 0:02:35]} Rfe8 {[%emt 0:00:36]} 19. Bd3 {[%emt 0:02:24]} Rab8 {[%emt 0:00:16]} 20. Nf1 {[%emt 0:17:58]} Bd8 {[%emt 0:16:09]} 21. Ng3 {[%emt 0:00:34]} h6 {[%emt 0:06:39]} 22. dxe5 {[%emt 0:02:19]} Nxe5 {[%emt 0:07:47]} 23. Bb1 {[%emt 0:03:30]} Bb6 {[%emt 0:18:52]} 24. Red1 {[%emt 0:08:11]} Bxe3 {[%emt 0:11:16]} 25. Qxe3 {[%emt 0:00:07]} Rbc8 {[%emt 0:08:36]} 26. Rxc8 {[%emt 0:02:32]} Qxc8 {[%emt 0:07:31]} 27. b3 {[%emt 0:04:10]} axb3 {[%emt 0:01:14]} 28. axb3 {[%emt 0:00:15]} Nxf3+ {[%emt 0:03:35]} 29. Qxf3 {[%emt 0:00:08]} Qc5 {[%emt 0:00:36]} 30. Qd3 {[%emt 0:06:48]} Be6 {[%emt 0:04:13]} 31. Ne2 {[%emt 0:07:05]} Qb4 {[%emt 0:06:09]} 32. Nd4 {[%emt 0:02:07]} Bd7 {[%emt 0:02:39]} 33. f3 {[%emt 0:07:33]} Rc8 {[%emt 0:01:39]} 34. Kh1 {[%emt 0:00:57]} Rc3 {[%emt 0:03:16]} 35. Qd2 {[%emt 0:00:29]} Qc5 {[%emt 0:00:38]} 36. Qb2 {[%emt 0:02:41]} b4 {[%emt 0:01:19]} 37. Ne2 {[%emt 0:00:10]} Qf2 {[%emt 0:03:18]} 38. Qa2 {[%emt 0:04:25]} Re3 {[%emt 0:02:40]} 39. Nf4 {[%emt 0:02:49]} Re1+ {[%emt 0:01:22]} 40. Rxe1 {[%emt 0:00:07]} Qxe1+ {[%emt 0:00:02]} 41. Kh2 {[%emt 0:00:09]} g5 {[%emt 0:02:21]} 42. Nd3 {[%emt 0:02:41]} Qc3 {[%emt 0:00:18]} 43. Qa5 {[%emt 0:07:29]} Qxb3 {[%emt 0:00:52]} 44. Qxb4 {[%emt 0:00:07]} Qxb4 {[%emt 0:00:12]} 45. Nxb4 {[%emt 0:00:04]} Kf8 {[%emt 0:00:10]} 46. Kg3 1/2-1/2

[Event "40th Eastman Open Ghent"]
[Site "Ghent"]
[Date "2017.07.17"]
[Round "5"]
[White "Abolianin, Arthur"]
[Black "Harakis, Alexis M"]
[Result "0-1"]
[WhiteElo "2329"]
[BlackElo "2284"]
[Annotator "NA"]
[PlyCount "70"]
[EventDate "2017.??.??"]
[EventType "swiss"]
[EventCountry "BEL"]
[SourceTitle "playchess.com"]
[Source "ChessBase"]
[SourceQuality "1"]
[TimeControl "7200"]

1. g3 {[%emt 0:04:06]} d5 {[%emt 0:02:19]} 2. Bg2 {[%emt 0:00:05]} e5 {[%emt 0:01:18]} 3. Nf3 {[%emt 0:00:16]} e4 {[%emt 0:00:45]} 4. Nd4 {[%emt 0:00:02]} Bc5 {[%emt 0:03:19]} 5. Nb3 {[%emt 0:03:49]} Bb6 {[%emt 0:00:05]} 6. d3 {[%emt 0:00:12]} Nf6 {[%emt 0:06:03]} 7. O-O {[%emt 0:15:33]} O-O {[%emt 0:01:08]} 8. Nc3 {[%emt 0:00:20]} exd3 {[%emt 0:02:05]} 9. cxd3 {[%emt 0:00:02]} a5 {[%emt 0:03:10]} 10. Bg5 {[%emt 0:06:14]} c6 {[%emt 0:05:12]} 11. e4 {[%emt 0:00:36]} a4 {[%emt 0:07:25]} 12. Nd2 {[%emt 0:09:49]} a3 {[%emt 0:01:52]} 13. exd5 {[%emt 0:01:21]} axb2 {[%emt 0:00:29]} 14. Rb1 {[%emt 0:00:02]} h6 {[%emt 0:15:51]} 15. Bxf6 {[%emt 0:02:45]} Qxf6 {[%emt 0:00:05]} 16. Qb3 {[%emt 0:07:00]} Bd4 {[%emt 0:05:53]} 17. Ne2 $11 {[%emt 0:01:10]} cxd5 {[%emt 0:05:52]} 18. Nxd4 {[%emt 0:02:54]} Qxd4 {[%emt 0:00:05]} 19. Bxd5 {[%emt 0:09:21]} Ra5 {[%emt 0:05:00]} 20. Be4 {[%emt 0:03:22]} Qa7 {[%emt 0:05:12]} 21. Rxb2 {[%emt 0:00:35]} Ra3 {[%emt 0:00:31]} 22. Qc2 {[%emt 0:02:17]} Nc6 {[%emt 0:00:39]} 23. Nc4 {[%emt 0:01:23]} Nd4 {[%emt 0:00:31]} 24. Qb1 {[%emt 0:00:31]} Ra6 {[%emt 0:01:30]} 25. Nb6 {[%emt 0:06:30]} Be6 {[%emt 0:04:03]} 26. a4 {[%emt 0:00:26]} f5 {[%emt 0:03:30]} 27. Bg2 {[%emt 0:00:57]} f4 {[%emt 0:00:42]} 28. Be4 {[%emt 0:07:28]} f3 {[%emt 0:00:42]} 29. Nd5 {[%emt 0:05:29]} Bh3 {[%emt 0:02:44]} 30. Qa2 {[%emt 0:08:02]} Ne2+ {[%emt 0:05:37]} 31. Rxe2 {[%emt 0:00:06]} fxe2 {[%emt 0:00:03]} 32. Ne7+ {[%emt 0:00:02]} Kh8 {[%emt 0:00:06]} 33. Qxe2 {[%emt 0:01:21]} Bxf1 {[%emt 0:00:13]} 34. Kxf1 {[%emt 0:00:17]} b5 {[%emt 0:01:13]} 35. Ng6+ {[%emt 0:00:07]} Rxg6 {[%emt 0:00:03]} 0-1

[Event "40th Eastman Open Ghent"]
[Site "Ghent"]
[Date "2017.07.17"]
[Round "5"]
[White "Lammens, Tim"]
[Black "Van Beers, Eddy"]
[Result "1-0"]
[WhiteElo "2304"]
[BlackElo "2312"]
[Annotator "NA"]
[PlyCount "149"]
[EventDate "2017.??.??"]
[EventType "swiss"]
[EventCountry "BEL"]
[SourceTitle "playchess.com"]
[Source "ChessBase"]
[SourceQuality "1"]
[TimeControl "7200"]

1. e4 {[%emt 0:07:40]} c5 {[%emt 0:00:15]} 2. Ne2 {[%emt 0:00:31]} d6 {[%emt 0:00:57]} 3. g3 {[%emt 0:00:10]} g6 {[%emt 0:00:44]} 4. Bg2 {[%emt 0:00:08]} Bg7 {[%emt 0:00:04]} 5. c3 {[%emt 0:00:59]} Nc6 {[%emt 0:03:34]} 6. d4 {[%emt 0:00:19] B20: Sicilian: Unusual White 2nd moves} Bg4 {[%emt 0:13:26]} 7. f3 {[%emt 0:02:01]} Bd7 {[%emt 0:00:04]} 8. Be3 {[%emt 0:01:00]} cxd4 {[%emt 0:02:20]} 9. cxd4 {[%emt 0:00:01]} Nf6 {[%emt 0:01:30]} 10. Nbc3 {[%emt 0:00:23]} O-O {[%emt 0:01:42]} 11. O-O {[%emt 0:00:44]} a6 {[%emt 0:00:54]} 12. Qd2 {[%emt 0:04:16]} b5 {[%emt 0:09:32]} 13. h3 $146 {[%emt 0:05:03]} ({Predecessor:} 13. b3 b4 14. Nd5 Nxd5 15. exd5 Na7 16. Qxb4 {0-1 (27) Pogosian,V (2153)-Papp,G (2551) Plovdiv 2012}) 13... Rb8 {[%emt 0:23:16]} 14. b3 {[%emt 0:06:18]} b4 {[%emt 0:08:57]} 15. Na4 {[%emt 0:02:16]} Na5 {[%emt 0:04:17]} 16. Nb2 $1 {[%emt 0:00:07]} Bb5 {[%emt 0:00:05]} 17. Nd3 {[%emt 0:04:58]} Nc6 {[%emt 0:05:05]} 18. Rfc1 {[%emt 0:09:18]} a5 {[%emt 0:03:21]} 19. a4 {[%emt 0:02:49]} bxa3 {[%emt 0:02:17]} 20. Rxa3 {[%emt 0:03:25]} Nd7 {[%emt 0:02:13]} 21. d5 {[%emt 0:07:15]} Nb4 {[%emt 0:07:29]} 22. Ndf4 {[%emt 0:01:55]} Nc5 {[%emt 0:05:35]} 23. Nd4 $14 {[%emt 0:01:18]} Bd7 {[%emt 0:01:25]} 24. h4 {[%emt 0:06:56]} e5 {[%emt 0:07:29]} 25. dxe6 {[%emt 0:00:10]} fxe6 {[%emt 0:00:03]} 26. Nde2 {[%emt 0:22:30]} Qc7 {[%emt 0:06:14]} 27. h5 {[%emt 0:02:21]} g5 {[%emt 0:01:41]} 28. h6 {[%emt 0:00:13]} Bxh6 {[%emt 0:00:14]} 29. Nh5 {[%emt 0:01:44]} Be8 {[%emt 0:00:33]} 30. Bxg5 {[%emt 0:00:32]} Bxg5 {[%emt 0:00:01]} 31. Qxg5+ {[%emt 0:00:08]} Bg6 {[%emt 0:00:06]} 32. Nhf4 {[%emt 0:05:18]} Qf7 {[%emt 0:00:01]} 33. Rd1 {[%emt 0:02:14]} Rb6 {[%emt 0:00:53]} 34. Nd4 {[%emt 0:04:36]} e5 {[%emt 0:00:09]} 35. Nf5 {[%emt 0:00:20]} Kh8 {[%emt 0:00:25]} 36. Nxd6 {[%emt 0:03:48]} Qf6 {[%emt 0:00:01]} 37. Nxg6+ {[%emt 0:00:52]} hxg6 {[%emt 0:00:02]} 38. Qxf6+ Rxf6 39. Nc4 {[%emt 0:00:52]} Nc2 {[%emt 0:00:07]} 40. Rxa5 {[%emt 0:00:08]} Nxb3 {[%emt 0:00:05]} 41. Ra8+ {[%emt 0:00:04]} Kg7 {[%emt 0:00:05]} 42. Nxb6 Rxb6 {[%emt 0:00:01]} 43. Re8 {[%emt 0:01:34]} Kf6 {[%emt 0:00:17]} 44. Red8 {[%emt 0:00:04]} Nbd4 {[%emt 0:00:04]} 45. f4 {[%emt 0:00:08]} Ne2+ {[%emt 0:00:27]} 46. Kf2 {[%emt 0:00:05]} Ncd4 {[%emt 0:00:13]} 47. fxe5+ {[%emt 0:00:05]} Kxe5 {[%emt 0:00:01]} 48. Rd5+ {[%emt 0:00:01]} Kf6 {[%emt 0:00:02]} 49. R5xd4 {[%emt 0:00:01]} Nxd4 {[%emt 0:00:00]} 50. Rxd4 {[%emt 0:00:01]} Ke5 {[%emt 0:00:02]} 51. Rd5+ {[%emt 0:00:01]} Kf6 {[%emt 0:00:00]} 52. Bf3 {[%emt 0:00:06]} Rb4 {[%emt 0:00:05]} 53. Ke3 {[%emt 0:00:02]} g5 {[%emt 0:00:01]} 54. Ra5 {[%emt 0:00:16]} Rb3+ {[%emt 0:00:02]} 55. Kf2 {[%emt 0:00:03]} Rc3 {[%emt 0:00:06]} 56. e5+ {[%emt 0:00:10]} Kf5 {[%emt 0:00:06]} 57. e6+ {[%emt 0:00:07]} Kxe6 58. Rxg5 {[%emt 0:00:01]} Kf6 {[%emt 0:00:02]} 59. Ra5 {[%emt 0:00:02]} Rb3 {[%emt 0:00:01]} 60. g4 {[%emt 0:00:03]} Rc3 {[%emt 0:00:04]} 61. Kg3 {[%emt 0:00:05]} Rb3 {[%emt 0:00:00]} 62. Kf4 {[%emt 0:00:02]} Rb4+ {[%emt 0:00:02]} 63. Be4 {[%emt 0:00:00]} Rd4 {[%emt 0:00:00]} 64. Ra6+ {[%emt 0:00:01]} Kg7 {[%emt 0:00:01]} 65. g5 {[%emt 0:00:03]} Rb4 {[%emt 0:00:03]} 66. Ra7+ {[%emt 0:00:01]} Kf8 {[%emt 0:00:01]} 67. Ke5 {[%emt 0:00:03]} Rb6 {[%emt 0:00:02]} 68. Bd5 {[%emt 0:00:03]} Rg6 {[%emt 0:00:02]} 69. Kf5 {[%emt 0:00:03]} Rd6 {[%emt 0:00:01]} 70. Be6 {[%emt 0:00:03]} Rd1 {[%emt 0:00:08]} 71. Kf6 {[%emt 0:00:02]} Rf1+ {[%emt 0:00:04]} 72. Bf5 {[%emt 0:00:01]} Re1 {[%emt 0:00:04]} 73. Ra8+ {[%emt 0:00:02]} Re8 {[%emt 0:00:00]} 74. Rxe8+ {[%emt 0:00:02]} Kxe8 {[%emt 0:00:02]} 75. g6 {[%emt 0:00:01]} 1-0

[Event "40th Eastman Open Ghent"]
[Site "Ghent"]
[Date "2017.07.17"]
[Round "5"]
[White "Van Mechelen, Jan"]
[Black "Davey, Mark"]
[Result "1-0"]
[WhiteElo "2247"]
[BlackElo "1990"]
[Annotator "NA"]
[PlyCount "103"]
[EventDate "2017.??.??"]
[EventType "swiss"]
[EventCountry "BEL"]
[SourceTitle "playchess.com"]
[Source "ChessBase"]
[SourceQuality "1"]
[TimeControl "7200"]

1. e4 {[%emt 0:00:06]} c5 {[%emt 0:00:06]} 2. Nf3 {[%emt 0:00:18]} Nc6 {[%emt 0:00:05]} 3. Bb5 {[%emt 0:00:37]} d6 {[%emt 0:06:15]} 4. d4 {[%emt 0:00:39]} cxd4 {[%emt 0:00:04]} 5. Qxd4 {[%emt 0:00:09]} Bd7 {[%emt 0:05:06]} 6. Bxc6 {[%emt 0:00:13]} Bxc6 {[%emt 0:00:11]} 7. Nc3 {[%emt 0:00:16]} Nf6 {[%emt 0:01:01]} 8. Bg5 {[%emt 0:00:16]} h6 {[%emt 0:09:32]} 9. Bxf6 {[%emt 0:13:23] B53: Sicilian: 2...d6: Lines with Qxd4} gxf6 {[%emt 0:01:08]} 10. O-O-O {[%emt 0:00:14]} Qa5 {[%emt 0:02:43]} (10... Rg8 11. Rhg1 Qa5 12. Qd3 a6 13. Nd4 e6 14. Kb1 Bd7 15. f4 b5 16. e5 f5 17. exd6 {1-0 (24) Balogh,C (2605)-Likavsky,T (2498) Austria 2009}) 11. Kb1 {[%emt 0:00:59]} Rg8 {[%emt 0:09:14]} 12. Nd5 $146 {[%emt 0:04:53]} ({Predecessor:} 12. Nh4 e6 13. Rhe1 Qe5 14. Qe3 Qg5 15. g3 Qxe3 16. Rxe3 O-O-O {1-0 (57) Escobar Forero,A (2466)-Martinez Ramirez,E (2306) Barbera del Valles 2013}) 12... Bg7 {[%emt 0:09:12]} 13. Qd3 {[%emt 0:06:28]} Rc8 {[%emt 0:03:00]} 14. Rhe1 {[%emt 0:03:55]} Qc5 {[%emt 0:12:37]} 15. Nd4 {[%emt 0:06:28]} Bxd5 {[%emt 0:11:39]} 16. exd5 {[%emt 0:00:26]} Bf8 {[%emt 0:00:50]} 17. Nf5 {[%emt 0:19:37]} Rxg2 {[%emt 0:03:27]} 18. Nxe7 {[%emt 0:05:39]} Bxe7 {[%emt 0:07:37]} 19. Qe4 {[%emt 0:00:27]} Qxc2+ {[%emt 0:01:52]} 20. Qxc2 {[%emt 0:00:09]} Rxc2 {[%emt 0:00:04]} 21. Kxc2 {[%emt 0:00:13]} Rxh2 {[%emt 0:00:14]} 22. Re2 $16 {[%emt 0:00:28]} Kd7 {[%emt 0:00:09]} 23. Rde1 {[%emt 0:00:17]} Bd8 {[%emt 0:00:21]} 24. Rg1 {[%emt 0:00:13]} Rh5 {[%emt 0:02:15]} 25. Rg7 {[%emt 0:02:48]} Rxd5 {[%emt 0:00:19]} 26. Rxf7+ {[%emt 0:00:11]} Kc6 {[%emt 0:00:12]} 27. Rf8 {[%emt 0:00:20]} Rc5+ {[%emt 0:04:02]} 28. Kb1 {[%emt 0:01:09]} Kd7 {[%emt 0:03:29]} 29. Rf7+ {[%emt 0:00:44]} Kc6 {[%emt 0:00:37]} 30. Re8 {[%emt 0:00:25]} Bb6 {[%emt 0:00:50]} 31. Rxf6 {[%emt 0:07:11]} Rh5 {[%emt 0:00:27]} 32. Ree6 {[%emt 0:01:55]} Bc5 {[%emt 0:01:27]} 33. a3 {[%emt 0:02:18]} Rh2 {[%emt 0:04:47]} 34. b4 {[%emt 0:10:40]} Bxf2 {[%emt 0:00:38]} 35. Rxd6+ {[%emt 0:00:08]} Kb5 {[%emt 0:01:13]} 36. Rxh6 {[%emt 0:01:07]} Rg2 {[%emt 0:02:15]} 37. Rd2 {[%emt 0:04:47]} Rg1+ {[%emt 0:00:10]} 38. Kb2 {[%emt 0:00:22]} Be3 {[%emt 0:01:08]} 39. Rh5+ {[%emt 0:00:15]} Kc6 {[%emt 0:03:29]} 40. Rc2+ {[%emt 0:03:09]} Kd6 {[%emt 0:00:38]} 41. Kb3 {[%emt 0:01:36]} Rb1+ {[%emt 0:01:10]} 42. Kc4 {[%emt 0:00:13]} Ra1 {[%emt 0:00:09]} 43. Rc3 {[%emt 0:00:21]} Bb6 {[%emt 0:00:23]} 44. Rg3 {[%emt 0:00:56]} Rc1+ {[%emt 0:00:13]} 45. Kb5 {[%emt 0:00:30]} Bd8 {[%emt 0:00:09]} 46. Rg6+ {[%emt 0:00:07]} Kd7 {[%emt 0:00:10]} 47. Rd5+ {[%emt 0:01:15]} Kc7 {[%emt 0:00:31]} 48. Rg7+ {[%emt 0:00:23]} Kc8 {[%emt 0:00:02]} 49. Rg8 {[%emt 0:00:15]} a6+ {[%emt 0:00:14]} 50. Ka4 {[%emt 0:00:06]} Rc3 {[%emt 0:00:48]} 51. Rdxd8+ {[%emt 0:00:12]} Kc7 {[%emt 0:00:06]} 52. Rc8+ {[%emt 0:00:12]} 1-0

[Event "40th Eastman Open Ghent"]
[Site "Ghent"]
[Date "2017.07.17"]
[Round "5"]
[White "Stone, Andrew M"]
[Black "Van Herck, Marcel"]
[Result "1/2-1/2"]
[WhiteElo "2153"]
[BlackElo "2156"]
[Annotator "NA"]
[PlyCount "73"]
[EventDate "2017.??.??"]
[EventType "swiss"]
[EventCountry "BEL"]
[SourceTitle "playchess.com"]
[Source "ChessBase"]
[SourceQuality "1"]
[TimeControl "7200"]

1. c4 {[%emt 0:00:04]} c5 {[%emt 0:02:59]} 2. g3 {[%emt 0:00:05]} Nc6 {[%emt 0:00:26]} 3. Bg2 {[%emt 0:00:08]} g6 {[%emt 0:00:23]} 4. Nc3 {[%emt 0:00:13]} Bg7 {[%emt 0:00:19]} 5. Nf3 {[%emt 0:00:21]} Nf6 {[%emt 0:01:41]} 6. d4 {[%emt 0:00:27]} cxd4 {[%emt 0:00:26]} 7. Nxd4 {[%emt 0:00:14]} Ng4 {[%emt 0:06:08]} 8. Nb3 {[%emt 0:18:45]} O-O {[%emt 0:05:43]} 9. c5 {[%emt 0:04:42]} f5 {[%emt 0:28:20]} 10. O-O {[%emt 0:02:20]} b6 {[%emt 0:00:55]} 11. cxb6 {[%emt 0:09:56]} axb6 {[%emt 0:08:36]} 12. h3 {[%emt 0:11:10]} Nf6 {[%emt 0:05:28]} 13. e4 {[%emt 0:02:19]} fxe4 {[%emt 0:07:13]} 14. Nxe4 {[%emt 0:00:22]} Nxe4 {[%emt 0:01:57]} 15. Bxe4 {[%emt 0:04:17]} Ba6 {[%emt 0:00:56]} 16. Re1 {[%emt 0:01:05]} Rc8 {[%emt 0:03:39]} 17. h4 {[%emt 0:03:26]} e6 {[%emt 0:03:25]} 18. Rb1 {[%emt 0:19:06]} d5 {[%emt 0:03:35]} 19. Bg2 {[%emt 0:06:43]} Qf6 {[%emt 0:00:18]} 20. Bf4 {[%emt 0:01:22]} Kh8 {[%emt 0:02:42]} 21. Qd2 {[%emt 0:03:35]} Bc4 {[%emt 0:07:40]} 22. Rbd1 {[%emt 0:08:46]} Rce8 {[%emt 0:04:36]} 23. Be3 {[%emt 0:04:40]} b5 {[%emt 0:06:14]} 24. Bc5 {[%emt 0:01:42]} Rf7 {[%emt 0:00:18]} 25. Nd4 {[%emt 0:00:37]} Nxd4 {[%emt 0:00:09]} 26. Bxd4 {[%emt 0:00:03]} Qxd4 {[%emt 0:00:09]} 27. Qxd4 {[%emt 0:00:02]} Bxd4 {[%emt 0:00:06]} 28. Rxd4 {[%emt 0:00:06]} Bxa2 {[%emt 0:00:10]} 29. Rb4 {[%emt 0:02:14]} Bc4 {[%emt 0:03:57]} 30. b3 {[%emt 0:00:10]} Bd3 {[%emt 0:00:31]} 31. Bxd5 {[%emt 0:04:59]} Ref8 {[%emt 0:01:10]} 32. Be4 {[%emt 0:00:06]} Bxe4 {[%emt 0:00:35]} 33. Rexe4 {[%emt 0:00:51]} Rxf2 {[%emt 0:00:08]} 34. Rxe6 {[%emt 0:00:03]} Rf1+ {[%emt 0:00:42]} 35. Kg2 {[%emt 0:00:01]} R8f2+ {[%emt 0:00:10]} 36. Kh3 {[%emt 0:00:01]} h5 {[%emt 0:00:11]} 37. g4 {[%emt 0:00:02]} 1/2-1/2

[Event "40th Eastman Open Ghent"]
[Site "Ghent"]
[Date "2017.07.17"]
[Round "5"]
[White "Vinke, Maarten"]
[Black "Cordts, Ingo"]
[Result "0-1"]
[WhiteElo "2127"]
[BlackElo "2259"]
[Annotator "NA"]
[PlyCount "42"]
[EventDate "2017.??.??"]
[EventType "swiss"]
[EventCountry "BEL"]
[SourceTitle "playchess.com"]
[Source "ChessBase"]
[SourceQuality "1"]
[TimeControl "7200"]

1. e4 {[%emt 0:08:22]} e5 {[%emt 0:00:13]} 2. Bc4 {[%emt 0:00:27]} Nf6 {[%emt 0:00:10]} 3. d4 {[%emt 0:00:07]} exd4 {[%emt 0:00:43]} 4. Nf3 {[%emt 0:00:05]} Bb4+ {[%emt 0:01:08]} 5. c3 {[%emt 0:00:55]} dxc3 {[%emt 0:00:06]} 6. bxc3 {[%emt 0:00:11]} Bc5 {[%emt 0:01:56]} 7. O-O {[%emt 0:03:09]} d5 {[%emt 0:01:52]} 8. exd5 {[%emt 0:01:44]} O-O {[%emt 0:00:28]} 9. Bb3 {[%emt 0:03:17]} Bg4 {[%emt 0:05:44]} 10. Bb2 {[%emt 0:05:44]} Qd6 {[%emt 0:11:51]} 11. c4 {[%emt 0:04:22]} Nbd7 {[%emt 0:04:03]} 12. Nbd2 {[%emt 0:12:59]} Rfe8 {[%emt 0:08:24]} 13. Re1 {[%emt 0:03:35]} Rxe1+ {[%emt 0:02:42]} 14. Qxe1 {[%emt 0:02:36]} Bxf3 {[%emt 0:04:00]} 15. Nxf3 {[%emt 0:06:24] [#]} Ng4 $19 {[%emt 0:13:18]} 16. Qc3 {[%emt 0:04:47]} Ndf6 {[%emt 0:06:49]} 17. Bc2 {[%emt 0:05:35]} Bxf2+ {[%emt 0:03:04]} 18. Kf1 {[%emt 0:00:31]} Bc5 {[%emt 0:01:30]} 19. h3 {[%emt 0:04:26]} Ne3+ {[%emt 0:03:49]} 20. Ke2 {[%emt 0:00:09]} Re8 {[%emt 0:00:44]} 21. Bxh7+ {[%emt 0:01:30]} Kxh7 {[%emt 0:01:23]} 0-1

[Event "40th Eastman Open Ghent"]
[Site "Ghent"]
[Date "2017.07.17"]
[Round "5"]
[White "Fischer, Daniel"]
[Black "Epishin, Vladimir"]
[Result "0-1"]
[WhiteElo "2116"]
[BlackElo "2541"]
[Annotator "TA"]
[PlyCount "92"]
[EventDate "2017.??.??"]
[EventType "swiss"]
[EventCountry "BEL"]
[SourceTitle "playchess.com"]
[Source "ChessBase"]
[SourceQuality "1"]

{[%evp 9,92,34,35,26,33,10,20,0,29,12,49,0,0,-35,-10,-24,26,-23,0,0,0,0,-9,-21,-7,-8,-4,-26,-15,-8,-12,-29,-30,-25,-13,-28,-39,-44,-15,-25,-19,-64,-42,-49,-42,-45,-58,-89,-54,-59,-40,-40,-36,-36,-32,-32,-33,-33,-22,-39,-6,-66,-17,-23,-12,-24,-29,-58,-32,-59,-26,-164,-152,-155,-135,-152,-147,-194,-173,-291,-318,-943,-970,-945,-941]} 1. e4 g6 2. d4 Bg7 3. Nc3 d6 4. f4 e6 5. Nf3 Ne7 {LiveBook: 84 Games} 6. Be2 {B06: Modern Defence} (6. Bd3 a6 7. Qe2 d5 8. Be3 Nbc6 9. a3 dxe4 10. Bxe4 Nd5 11. Bxd5 exd5 12. Bf2+ Ne7 13. O-O-O O-O 14. Rhe1 {1-0 (36) Perunovic,M (2662)-Indjic,A (2515) Goracici 2015}) 6... a6 7. a4 b6 8. O-O {The position is equal.} O-O 9. Be3 Nbc6 10. e5 $146 ({Predecessor:} 10. Qd2 Bb7 11. Nd1 Nb8 12. Nf2 Nd7 13. Bd3 {0-1 (68) Santacruz,C-Trois,F (2345) Asuncion 1983}) 10... Bb7 11. Ng5 dxe5 (11... Nf5 $5 {[%cal Rf5e3]} 12. Bf2 h6 $11) 12. dxe5 Nb4 13. Rc1 Nbd5 14. Nxd5 Nxd5 15. Bd2 Ne7 16. Be3 h6 17. Nf3 Nd5 18. Qd2 Nxe3 19. Qxe3 Qe7 20. Rcd1 Rfd8 21. Nd4 Qb4 22. b3 c5 $36 {[%mdl 2048] Black fights for an advantage.} 23. Nf3 Bf8 24. c4 {[#]} b5 $1 {[%mdl 512]} 25. axb5 ({Wrong is} 25. cxb5 $2 c4 $1 $19 {[%mdl 512]}) 25... axb5 26. Ra1 ({But not} 26. cxb5 $2 c4 $1 $19 {[%mdl 512]}) 26... Ra3 27. Rxa3 Qxa3 28. Kh1 ({Don't go for} 28. cxb5 $2 {[#]} c4 $1 $19 {[%mdl 512]}) 28... bxc4 29. Bxc4 Ba6 30. Qc1 $1 {[%cal Rc1a3]} Qxc1 31. Rxc1 Bb7 32. Rf1 Be7 33. Kg1 g5 34. g3 Kg7 35. h3 (35. Kf2 $1 $11) 35... Be4 36. Kf2 Bf5 37. Kg2 Ra8 {And now ...Ra2+ would win.} 38. Rf2 Ra1 39. Re2 Rc1 40. Ne1 (40. fxg5 $11 {and White is okay.} hxg5 41. Nd2) 40... gxf4 $19 41. gxf4 Rc3 42. Nf3 Kg6 43. Kg3 h5 {[%cal Bh6h5,Bh5h4][%mdl 32]} 44. Rf2 (44. Kf2 $142) 44... Be4 45. Rf1 $2 (45. h4) 45... h4+ 46. Kg2 Kf5 {Precision: White = 31%, Black = 47%.} 0-1

[Event "40th Eastman Open Ghent"]
[Site "Ghent"]
[Date "2017.07.17"]
[Round "5"]
[White "van Akkeren, Arno"]
[Black "Maes, Thomas"]
[Result "1-0"]
[WhiteElo "2086"]
[BlackElo "2201"]
[Annotator "NA"]
[PlyCount "31"]
[EventDate "2017.??.??"]
[EventType "swiss"]
[EventCountry "BEL"]
[SourceTitle "playchess.com"]
[Source "ChessBase"]
[SourceQuality "1"]
[TimeControl "7200"]

1. e4 {[%emt 0:00:03]} d6 {[%emt 0:00:07]} 2. d4 {[%emt 0:00:04]} Nf6 {[%emt 0:00:07]} 3. Nc3 {[%emt 0:00:08]} g6 {[%emt 0:00:07]} 4. Nf3 {[%emt 0:00:27]} Bg7 {[%emt 0:00:08]} 5. Bd3 {[%emt 0:01:35]} O-O {[%emt 0:00:56]} 6. O-O {[%emt 0:00:06]} Nc6 {[%emt 0:01:54]} 7. h3 {[%emt 0:01:50]} e6 {[%emt 0:03:56]} 8. Bg5 {[%emt 0:08:53]} h6 {[%emt 0:06:51]} 9. Bh4 {[%emt 0:07:26]} g5 {[%emt 0:15:15]} 10. Bg3 {[%emt 0:00:13]} Ne7 {[%emt 0:03:01]} 11. e5 {[%emt 0:04:49]} Nfd5 {[%emt 0:07:23]} 12. Ne4 {[%emt 0:11:32]} Nf5 {[%emt 0:12:57]} 13. Bh2 {[%emt 0:05:18]} Nf4 $16 {[%emt 0:05:29]} (13... b6 $14) 14. g4 {[%emt 0:06:38]} Ne7 {[%emt 0:15:44]} 15. Bxf4 {[%emt 0:05:56]} gxf4 {[%emt 0:00:08]} 16. g5 {[%emt 0:05:30]} 1-0

[Event "40th Eastman Open Ghent"]
[Site "Ghent"]
[Date "2017.07.17"]
[Round "6"]
[White "Epishin, Vladimir"]
[Black "Docx, Stefan"]
[Result "1/2-1/2"]
[WhiteElo "2541"]
[BlackElo "2427"]
[Annotator "TA"]
[PlyCount "63"]
[EventDate "2017.??.??"]
[EventType "swiss"]
[EventCountry "BEL"]
[SourceTitle "playchess.com"]
[Source "ChessBase"]
[SourceQuality "1"]

{[%evp 25,63,-10,-10,-12,-12,-25,-16,-13,-15,-21,0,0,0,0,0,0,0,0,14,4,20,14,14,23,27,52,44,18,83,93,81,75,106,77,106,34,52,43,34,14]} 1. d4 Nf6 2. Nf3 d5 3. c4 e6 4. Nc3 Bb4 5. cxd5 exd5 6. Bg5 h6 7. Bxf6 Qxf6 8. Qa4+ Nc6 9. e3 O-O 10. Be2 Be6 11. Rc1 a6 12. O-O Bd6 {D38: Queen's Gambit Declined: Ragozin Defence (4 Nf3 Bb4)} 13. Qb3 Ne7 {[#] LiveBook: 9 Games} 14. Qc2 $146 ({Predecessor:} 14. a3 Rfe8 15. Na4 b6 16. Nc3 Reb8 17. Rcd1 c5 18. Qc2 c4 19. e4 Qg6 20. Nh4 {0-1 (45) Dreev,A (2651)-So,W (2808) chess.com INT 2017}) 14... Rad8 {The position is equal.} 15. a3 Rfe8 16. Rfe1 Bf5 17. Qb3 Bc8 18. e4 dxe4 19. Nxe4 Qf4 20. Nxd6 cxd6 21. Bf1 Nc6 22. d5 $36 {[%mdl 2048] White fights for an advantage.} Rxe1 23. Rxe1 Ne5 24. Nxe5 dxe5 25. Qc3 e4 26. Qd4 Qf5 (26... Be6 $11) 27. Bc4 $16 (27. Rxe4 $6 Rxd5 28. Qe3 (28. Re8+ Kh7 $15) 28... Rd1 $11) 27... b5 28. Bb3 Bb7 29. h3 (29. Qxe4 $6 Qxe4 30. Rxe4 Bxd5 $11) 29... Rd7 {[%cal Rb7d5] [#]} 30. Rd1 ({Don't play} 30. Qxe4 $6 Qxe4 31. Rxe4 Bxd5 $11) ({Of course not} 30. Rxe4 $6 Bxd5 31. Bxd5 Rxd5 $11) (30. g4 $1 $16 {[%cal Rg4f5]} Qf6 31. Rxe4 (31. Qxe4 Rd8 $16) 31... Qxd4 32. Rxd4) 30... Rd6 $14 31. Rd2 Qg5 32. g3 {Precision: White = 60%, Black = 55%.} 1/2-1/2